000 00346nam a2200109Ia 4500
008 171211s9999 xx 000 0 und d
245 4 _aThe Trendmakers : Behind the Scenes of the Global Fashion Industry
245 _cJenny Lantz and Joanne B. Eicher
260 _c2016
650 _xDesign
856 _uhttp://down.ebook777.com/064/0240519817.pdf
999 _c347886
_d347886